[Event "7th Altibox Norway Chess 2019"]
[Site "Stavanger"]
[Date "2019.06.14"]
[Round "9.1"]
[White "Caruana, Fabiano"]
[Black "Carlsen, Magnus"]
[Result "1/2-1/2"]
[WhiteElo "2819"]
[BlackElo "2875"]
[Annotator "TA"]
[PlyCount "111"]
[EventDate "2019.06.04"]
[EventType "tourn"]
[EventCountry "NOR"]
[SourceTitle "playchess.com"]
[Source "ChessBase"]
[SourceQuality "1"]

{[%evp 12,111,24,14,33,15,22,13,13,14,12,3,4,13,28,13,35,31,36,18,42,17,24,0,0,0,0,0,4,0,0,0,0,-8,-10,-30,-34,-46,-55,-56,-47,-43,-24,-37,0,0,0,-14,-21,-19,0,0,0,0,0,0,0,0,0,0,0,0,0,0,0,-20,-25,-82,0,-14,-16,-52,0,0,0,0,0,0,0,0,0,0,0,0,0,0,0,0,29974,-154,-192,-176,-33,-101,0,0,0,0,0,0,0,0]} 1. e4 c5 2. Nf3 Nc6 3. Bb5 g6 4. Bxc6 dxc6 5. d3 Bg7 6. h3 e5 7. O-O Qc7 {B31: Sicilian: 2...Nc6 3 Bb5 g6} 8. a3 (8. Be3 b6 9. a3 Nf6 10. b4 c4 11. Nbd2 cxd3 12. cxd3 O-O 13. Qc2 Rd8 14. a4 {1-0 (58) Lomasov,S (2553)-Gelfand,B (2673) Moscow 2018}) 8... Nf6 9. Be3 $146 ({Predecessor:} 9. b4 cxb4 10. axb4 O-O 11. Bb2 Nh5 12. Nbd2 Be6 13. Re1 Rfd8 14. Ng5 Nf4 15. Nxe6 Nxe6 {1-0 (68) Mrdja,M (2368)-Sgnaolin,D (2118) Robecchetto 2002}) 9... c4 10. Nc3 cxd3 11. Qxd3 O-O 12. Rfd1 Re8 13. Bc5 Bf8 14. Bxf8 Kxf8 15. Rd2 Be6 16. Rad1 Rad8 17. Qxd8 Rxd8 18. Rxd8+ Kg7 19. R8d3 (19. R8d6 {is more complex.} Qb6 20. b4 a5 21. Rb1 Qc7 22. Rdd1) 19... h6 20. b4 a5 21. Re3 Nd7 22. Na4 b5 23. Nb2 c5 24. c3 c4 25. Rd2 axb4 26. axb4 Nf6 27. Nd1 Bd7 {[%mdl 1024] Black has compensation.} 28. Nh2 Qa7 29. h4 Bc6 30. f3 $1 Bd7 31. Nf1 Be6 32. Kh2 Nh5 33. g3 g5 $36 {[%mdl 2048] Black has the initiative.} 34. hxg5 hxg5 35. Nf2 g4 36. Nxg4 Bxg4 37. fxg4 Nf6 38. Kg2 Nxg4 39. Rf3 (39. Ree2 $11) 39... Qa8 (39... Qa1 $1 $17 {[%cal Ra1e1]} 40. Ne3 Qe1 {[%mdl 64] Double Attack} 41. Nf5+ Kf6 42. Nd4+ Kg6 $1 {[%mdl 512]}) 40. Re2 Kg6 41. Rf5 f6 (41... Nf6 $15 42. Rxe5 Qa1) 42. Nh2 $11 Nh6 43. Rf1 Kg7 44. Rd1 Qa3 45. Rd7+ Kg6 46. Nf3 Qxc3 47. Nh4+ Kh5 48. Rh7 Qd3 49. Re1 {Hoping for Nf5.} c3 $2 {[%mdl 8192]} (49... Qd2+ $11 50. Kh3 Qf2) 50. Nf3 $2 (50. Nf5 $1 {mates} Qd2+ 51. Kf3 Qd3+ 52. Kf2 Qd2+ 53. Re2 Qd4+ 54. Nxd4 exd4 55. Ke1) 50... Qc2+ $1 $17 51. Kh3 {[#]} Kg6 ({Don't do} 51... Qf2 52. Nh4 $17) ({Black should try} 51... Qb3 $1 $19 {Threatens to win with ...c2.} 52. Nh4 Qg8) 52. Rc7 $15 {[#]} Nf7 (52... Qf2 $1 $17 {[%cal Rf2f3]} 53. Nh4+ (53. Rxc3 $2 Kh5 $19) 53... Kh5) 53. Nh4+ $11 {The position is equal.} Kg7 54. Nf5+ Kg6 55. Nh4+ Kg7 56. Nf5+ {Accuracy: White = 59%, Black = 64%.} 1/2-1/2

[Event "7th Altibox Norway Chess 2019"]
[Site "Stavanger"]
[Date "2019.06.14"]
[Round "9.2"]
[White "Anand, Viswanathan"]
[Black "Aronian, Levon"]
[Result "1/2-1/2"]
[WhiteElo "2767"]
[BlackElo "2752"]
[Annotator "TA"]
[PlyCount "71"]
[EventDate "2019.06.04"]
[EventType "tourn"]
[EventCountry "NOR"]
[SourceTitle "playchess.com"]
[Source "ChessBase"]
[SourceQuality "1"]

{[%evp 17,71,0,0,0,0,0,10,0,0,0,0,0,2,0,7,11,13,4,8,12,8,16,16,1,6,0,27,6,11,10,25,0,0,0,0,0,0,0,0,0,0,0,3,3,3,0,4,4,4,5,12,15,15,9,33,0]} 1. e4 e5 2. Nf3 Nc6 3. Bc4 Bc5 4. c3 Nf6 5. d4 exd4 6. e5 d5 7. Bb5 Ne4 8. cxd4 Bb6 9. Nc3 O-O 10. Be3 {C54: Giuoco Piano: 4 c3 Nf6, main lines with 5 d4 and 5 d3} Bg4 11. h3 Bh5 12. Qc2 {The position is equal.} Nxc3 13. bxc3 f6 14. exf6 Qxf6 15. Be2 {[#]} Na5 $146 ({Predecessor:} 15... Rae8 16. O-O Kh8 17. a4 Bg6 {1-0 (41) Jones,G (2682)-Jakovenko,D (2735) St Petersburg 2018}) 16. O-O Bxf3 17. Bxf3 c6 18. Rae1 Nc4 19. Bc1 Rae8 20. Be2 {Threatens to win with Bxc4.} Re6 21. Bd3 g6 22. Re2 Rxe2 23. Qxe2 Nd6 24. Re1 Re8 25. Qd1 Rxe1+ 26. Qxe1 c5 27. dxc5 Bxc5 28. Bd2 b6 29. Qe2 Kf7 30. Be1 Qf4 31. Kf1 Ne4 {[#] Strongly threatening ...Ng3+.} 32. Qg4 Qxg4 33. hxg4 Be7 34. Ke2 Nc5 35. Bc2 Bf6 36. Bd2 {Accuracy: White = 70%, Black = 76%.} 1/2-1/2

[Event "7th Altibox Norway Chess 2019"]
[Site "Stavanger"]
[Date "2019.06.14"]
[Round "9.3"]
[White "So, Wesley"]
[Black "Vachier-Lagrave, Maxime"]
[Result "1/2-1/2"]
[WhiteElo "2754"]
[BlackElo "2779"]
[Annotator "TA"]
[PlyCount "117"]
[EventDate "2019.06.04"]
[EventType "tourn"]
[EventCountry "NOR"]
[SourceTitle "playchess.com"]
[Source "ChessBase"]
[SourceQuality "1"]

{[%evp 9,117,13,37,10,14,18,15,10,22,11,10,11,2,0,6,5,8,6,20,0,6,0,15,15,15,-22,-45,-44,-41,-35,-29,-59,-7,-11,-13,-8,-14,-16,-29,-33,-15,-43,-45,-50,-38,-39,-39,-37,0,0,0,0,0,0,0,0,0,0,0,0,-4,-8,-8,-8,-8,-8,-8,-8,-8,-8,-8,-8,-2,-8,0,-8,-8,-8,-8,-8,-8,-8,0,0,0,0,0,0,0,0,0,0,0,0,0,0,0,0,0,0,0,0,0,0,0,0,0,0,0,0]} 1. Nf3 c5 2. c4 Nf6 3. Nc3 d5 4. cxd5 Nxd5 5. e3 Nxc3 6. dxc3 {A34: Symmetrical English: 2 Nc3, lines with ...d5} (6. bxc3 {feels hotter.} e6 7. d4 Be7 8. Bd3 O-O 9. Qc2) 6... Qc7 7. e4 e6 8. Be3 Be7 9. Nd2 $146 ({Predecessor:} 9. Be2 O-O 10. O-O Bd7 11. Qd2 Bc6 12. Bf4 Qa5 13. Qc2 {1-0 (35) So,W (2754)-Vachier Lagrave,M (2780) Abidjan 2019}) 9... O-O 10. Qf3 Rd8 11. Qg3 Bd6 12. f4 b6 13. Qf2 Bf8 14. Be2 Ba6 15. O-O Bxe2 16. Qxe2 Nc6 17. f5 exf5 18. exf5 Re8 19. Rae1 Rad8 20. Nf3 f6 (20... Rd5 $15) 21. Qc4+ $11 Qf7 22. Qxf7+ Kxf7 23. Bf4 Ne7 24. g4 Nd5 25. Bd2 c4 26. Rxe8 Bc5+ 27. Kg2 Rxe8 28. Re1 Be3 29. a4 {The position is equal.} a6 30. Bxe3 Nxe3+ {[%mdl 4096] Endgame KRN-KRN} 31. Kg3 h5 32. gxh5 Re7 33. Kf2 Nxf5 34. Rd1 Rb7 35. Rd5 Ke6 36. Rd8 b5 37. Ra8 bxa4 38. Rxa6+ Kf7 39. Rxa4 Rxb2+ 40. Ke1 Ne3 41. Nd2 Rc2 42. Nxc4 Nf5 43. Ra5 Rxc3 44. Rxf5 {[#] And now Nd2 would win.} Rxc4 {KR-KR} 45. Kf2 Rc3 46. Ra5 Rh3 47. Kg2 Re3 48. Ra8 Re5 49. Rh8 Re8 50. Rxe8 Kxe8 {KPP-KPP} 51. Kf3 Kf7 52. Ke4 Kg8 53. Kf5 Kh7 54. Kf4 Kh6 55. Kg4 f5+ 56. Kxf5 Kxh5 57. h4 Kxh4 {[#] ( -> ...g5)} 58. Kg6 Kg4 59. Kxg7 {Accuracy: White = 83%, Black = 68%.} 1/2-1/2

[Event "7th Altibox Norway Chess 2019"]
[Site "Stavanger"]
[Date "2019.06.14"]
[Round "9.4"]
[White "Yu, Yangyi"]
[Black "Mamedyarov, Shakhriyar"]
[Result "1-0"]
[WhiteElo "2738"]
[BlackElo "2774"]
[Annotator "TA"]
[PlyCount "59"]
[EventDate "2019.06.04"]
[EventType "tourn"]
[EventCountry "NOR"]
[SourceTitle "playchess.com"]
[Source "ChessBase"]
[SourceQuality "1"]

{[%evp 14,59,-4,0,10,0,12,19,18,20,16,6,4,4,12,18,12,16,31,25,30,39,39,34,53,56,54,59,64,27,71,50,60,60,61,77,90,93,138,144,176,167,142,141,231,233,209,193]} 1. e4 e5 2. Nf3 Nc6 3. Nc3 Nf6 4. d4 exd4 5. Nxd4 Bb4 6. Nxc6 bxc6 7. Bd3 d5 8. exd5 O-O {C47: Scotch Four Knights and Four Knights with 4 g3} 9. O-O Bg4 10. f3 (10. Be2 Bxe2 11. Nxe2 cxd5 12. Bg5 Be7 13. Nd4 Qd7 14. Qd3 Rfe8 15. Rad1 Ne4 16. Bxe7 Rxe7 {½-½ (45) Carlsen,M (2861)-Nakamura,H (2761) Abidjan 2019}) 10... Bh5 $1 {The position is equal.} 11. Bg5 Qd6 12. Bxf6 $146 ({Predecessor:} 12. Qc1 cxd5 13. Kh1 c6 14. Ne2 Bg6 15. Nf4 Rae8 16. Nxg6 fxg6 {½-½ (38) Dappiano,A (2310)-Altini,N (2426) Gallipoli 2018}) 12... Qxf6 13. Ne4 Qxb2 14. dxc6 Bg6 15. Kh1 Qd4 16. Qe2 Rfe8 17. Rad1 Qe5 18. Bc4 Rad8 19. Rd7 Rxd7 20. cxd7 Rd8 21. Rd1 Kf8 22. c3 Ba3 23. Rd5 $36 {[%mdl 2048] White is pushing.} Qe7 24. Bb5 $1 Bd6 25. c4 {Black must now prevent c5.} (25. Nxd6 $6 Qxe2 26. Bxe2 Rxd7 $11) 25... a6 {[#]} 26. Ba4 $1 {White is clearly better.} ({Don't play} 26. Bxa6 $6 Bxe4 27. Qxe4 (27. fxe4 c6 $11) 27... Rxd7 $14) 26... Bxe4 27. Qxe4 Qxe4 28. fxe4 f6 (28... Rb8 $16 {was worth a try.} 29. g3 Be7) 29. Ra5 $18 Rb8 {[#] ( -> ...Rb1+)} 30. g3 {Accuracy: White = 89%, Black = 37%.} 1-0

[Event "7th Altibox Norway Chess 2019"]
[Site "Stavanger"]
[Date "2019.06.14"]
[Round "9.5"]
[White "Ding, Liren"]
[Black "Grischuk, Alexander"]
[Result "1/2-1/2"]
[WhiteElo "2805"]
[BlackElo "2775"]
[Annotator "TA"]
[PlyCount "61"]
[EventDate "2019.06.04"]
[EventType "tourn"]
[EventCountry "NOR"]
[SourceTitle "playchess.com"]
[Source "ChessBase"]
[SourceQuality "1"]

{[%evp 16,61,8,0,0,0,0,0,11,0,0,0,0,0,0,0,0,-10,-8,-8,-8,-16,0,0,0,0,0,0,0,0,17,16,21,5,8,1,13,9,9,9,13,9,22,8,8,8,8,7]} 1. d4 Nf6 2. c4 g6 3. g3 c6 4. Bg2 d5 5. Nd2 Bg7 6. b3 O-O 7. Bb2 Bf5 8. Ngf3 a5 9. O-O {The position is equal.} a4 {D78: Fianchetto Grünfeld: 6 0-0 c6} 10. bxa4 (10. e3 Nbd7 11. Qe2 Ne4 12. Nxe4 Bxe4 13. cxd5 cxd5 14. Qb5 Ra5 15. Qxb7 Nc5 16. Qb4 Nd3 17. Qd2 {0-1 (69) So,W (2792)-Ding,L (2771) Tbilisi 2017}) 10... Qa5 11. Qb3 Qxa4 12. Qxb7 Nbd7 {[#] And now ...Rab8 would win.} 13. Qb3 Rfb8 14. cxd5 cxd5 ({But not} 14... Rxb3 $6 15. axb3 Qxa1 16. Rxa1 $16) 15. Qxa4 Rxa4 16. Bc3 $146 ({Predecessor:} 16. Nb3 Rba8 17. Nc1 Rb8 18. Nb3 Rba8 19. Nc1 Rb8 20. Nb3 Rba8 {½-½ (20) Blohberger,F (2355)-Karavade,E (2384) Zadar 2017}) 16... e6 17. h3 h5 18. Nh4 Rba8 19. Nxf5 gxf5 20. Rfb1 Rxa2 21. Rxa2 (21. e3 {with more complications.} Ne4 22. Nxe4 fxe4 23. Bf1 Bf8 24. Be2) 21... Rxa2 22. Rb2 Rxb2 (22... Ra7 {seems wilder.} 23. Nf3 Ne4 24. Be1 Bf6 25. e3 Ra1) 23. Bxb2 Ne4 24. Nxe4 (24. Nf3 {feels hotter.} Nb6 25. Ba3 Nc4 26. Bb4 h4 27. g4) 24... fxe4 $11 {[%mdl 4096] Endgame KBB-KBN} 25. e3 Kh7 26. Bf1 Bf8 27. Bc3 Kg6 28. Ba5 Be7 29. Bc7 Nf6 30. Bb5 Nh7 31. Kg2 {Accuracy: White = 57%, Black = 74%.} 1/2-1/2